[Event "3. LGA Premium Cup"]
[Site "Nürnberg"]
[Date "2006.09.07"]
[Round "1.79"]
[White "Vogiatzis, Dimitrios"]
[Black "Junk, Philipp"]
[Result "1-0"]
[WhiteElo "2047"]
[BlackElo "1101"]
[PlyCount "51"]
[EventDate "2006.??.??"]

1. e4 e6 2. Nf3 c5 3. b4 cxb4 4. a3 Nc6 5. axb4 Bxb4 6. c3 Be7 7. d4 d6 8. Bd3
Nf6 9. h4 a6 10. Na3 d5 11. e5 Nd7 12. Ng5 h6 13. Qh5 O-O 14. Nh7 Qa5 15. Bd2
Bxa3 16. Nxf8 Nxf8 17. Qd1 b5 18. Qb3 b4 19. cxb4 Nxb4 20. Rxa3 Nxd3+ 21. Qxd3
Qb6 22. O-O Bd7 23. Rb1 Bb5 24. Rxb5 axb5 25. Rxa8 Qb7 26. Qa3 1-0

[Event "3. LGA Premium Cup"]
[Site "Nürnberg"]
[Date "2006.09.07"]
[Round "1.80"]
[White "Hirschberg, Leander"]
[Black "Schupp, Uwe"]
[Result "0-1"]
[WhiteElo "1080"]
[BlackElo "2042"]
[PlyCount "98"]
[EventDate "2006.??.??"]

1. e4 d6 2. Nc3 Nf6 3. Nf3 c6 4. Be2 Nbd7 5. d3 e5 6. Be3 Be7 7. O-O O-O 8. Re1
Ng4 9. Qd2 Nxe3 10. Qxe3 Qc7 11. d4 Nf6 12. dxe5 dxe5 13. Bd3 h6 14. Rad1 Be6
15. a3 b5 16. b4 a5 17. Rb1 Nd7 18. Qe2 Nb6 19. Rb2 Bc4 20. Nd2 Be6 21. Nf3
axb4 22. axb4 Ra3 23. Qd2 Rd8 24. Re3 Nc4 25. Qc1 Rxc3 26. Bxc4 Rxe3 27. Qxe3
Bxc4 28. Qe1 Qd6 29. Rb1 Ra8 30. c3 Bd8 31. h3 Bb6 32. Rd1 Qc7 33. Nd2 Ra2 34.
Ra1 Qa7 35. Rxa2 Qxa2 36. Nxc4 Qxc4 37. Kh1 c5 38. f3 cxb4 39. cxb4 Bd4 40. Qb1
Bc3 41. Qd1 Qd4 42. Qb1 Qxb4 43. Qa2 Qc4 44. Qb1 b4 45. Kh2 b3 46. Qc1 b2 47.
Qb1 Bd4 48. Kg3 Qc1 49. Qa2 b1=Q 0-1

[Event "3. LGA Premium Cup"]
[Site "Nürnberg"]
[Date "2006.09.07"]
[Round "1.81"]
[White "Meier, Desiderius"]
[Black "Ratscheu, Stefan"]
[Result "1-0"]
[WhiteElo "2038"]
[BlackElo "794"]
[PlyCount "51"]
[EventDate "2006.??.??"]

1. e4 e5 2. f4 exf4 3. Nf3 Nc6 4. Bc4 Bc5 5. d4 Bb6 6. c3 d6 7. Bxf4 Qe7 8. O-O
Nf6 9. Nbd2 O-O 10. Qc2 Re8 11. Rae1 Bd7 12. Kh1 a6 13. Bg5 h6 14. Bxf6 Qxf6
15. Ne5 dxe5 16. Rxf6 gxf6 17. d5 Ne7 18. Qd1 c6 19. Qh5 Kh7 20. Qxf7+ Kh8 21.
d6 Ng8 22. Qxd7 Rab8 23. Qf7 Rf8 24. Qg6 Rbd8 25. Bxg8 Rxg8 26. Qxh6# 1-0

[Event "3. LGA Premium Cup"]
[Site "Nürnberg"]
[Date "2006.09.08"]
[Round "2.1"]
[White "Sterzenbach, Gregor"]
[Black "Baramidze, David"]
[Result "0-1"]
[WhiteElo "2256"]
[BlackElo "2591"]
[PlyCount "94"]
[EventDate "2006.??.??"]

1. Nf3 c5 2. c4 b6 3. g3 Bb7 4. Bg2 Nf6 5. Nc3 e6 6. O-O Be7 7. Re1 d5 8. cxd5
Nxd5 9. e4 Nb4 10. d4 cxd4 11. Nxd4 N8c6 12. Nxc6 Bxc6 13. Qg4 h5 14. Qe2 Qd3
15. Be3 Qxe2 16. Rxe2 O-O-O 17. a4 Kb7 18. a5 b5 19. e5 Bxg2 20. Kxg2 a6 21.
Ne4 Rd5 22. Bg5 Bf8 23. Rc1 Nd3 24. Rcc2 Rxe5 25. Rc3 Nc5 26. Nxc5+ Rxc5 27.
Rd2 Rxc3 28. bxc3 Bc5 29. Rd7+ Kc6 30. Rxf7 Rf8 31. Rxg7 Rxf2+ 32. Kh3 Ra2 33.
Rh7 Rxa5 34. Rxh5 Ra2 35. Bf4 Rc2 36. Re5 a5 37. Rxe6+ Kd5 38. Ra6 a4 39. g4
Rxc3+ 40. Kg2 Rc4 41. Kf3 a3 42. Ra8 Ra4 43. Rd8+ Ke6 44. Re8+ Kf7 45. Rc8 a2
46. Be5 Bd4 47. Ke4 Bxe5+ 0-1

[Event "3. LGA Premium Cup"]
[Site "Nürnberg"]
[Date "2006.09.08"]
[Round "2.2"]
[White "Graf, Alexander"]
[Black "Lauer, Moritz"]
[Result "1-0"]
[WhiteElo "2583"]
[BlackElo "2260"]
[PlyCount "33"]
[EventDate "2006.??.??"]

1. d4 Nf6 2. c4 e5 3. dxe5 Ne4 4. Nf3 Nc6 5. Nbd2 Nc5 6. g3 d6 7. exd6 Qxd6 8.
Bg2 Bf5 9. O-O O-O-O 10. b4 Nxb4 11. Bb2 Qh6 12. Nd4 Bh3 13. N2f3 Bxg2 14. Kxg2
Be7 15. Qb1 Qg6 16. Nf5 Bf8 17. Bxg7 1-0

[Event "3. LGA Premium Cup"]
[Site "Nürnberg"]
[Date "2006.09.08"]
[Round "2.3"]
[White "Schütz, Günter"]
[Black "Ftacnik, Lubomir"]
[Result "0-1"]
[WhiteElo "2244"]
[BlackElo "2579"]
[PlyCount "70"]
[EventDate "2006.??.??"]

1. f4 Nf6 2. Nf3 g6 3. g3 Bg7 4. Bg2 d5 5. O-O O-O 6. d3 b6 7. c3 Bb7 8. Na3
Nbd7 9. Nc2 c5 10. Qe1 Qc7 11. Bd2 Rae8 12. Nh4 e5 13. f5 c4 14. Ne3 cxd3 15.
exd3 g5 16. Nf3 d4 17. Nd1 e4 18. Nxd4 exd3 19. Be3 Bxg2 20. Kxg2 Ne5 21. Bxg5
Qb7+ 22. Kg1 Nf3+ 23. Nxf3 Rxe1 24. Nxe1 Ne4 25. Be3 Qd5 26. Nf2 Re8 27. Rd1
Nxg3 28. hxg3 Rxe3 29. Rxd3 Rxd3 30. Nexd3 Qxf5 31. Re1 Qf3 32. Re8+ Bf8 33.
Kh2 Kg7 34. Re4 Bd6 35. Rg4+ Kf8 0-1

[Event "3. LGA Premium Cup"]
[Site "Nürnberg"]
[Date "2006.09.08"]
[Round "2.4"]
[White "Brodsky, Michail"]
[Black "Miskevicer, Boris"]
[Result "1-0"]
[WhiteElo "2571"]
[BlackElo "2251"]
[PlyCount "139"]
[EventDate "2006.??.??"]

1. d4 Nf6 2. c4 e6 3. Nc3 d5 4. cxd5 exd5 5. Bg5 Be7 6. e3 O-O 7. Bd3 Nbd7 8.
Nge2 Re8 9. Qc2 c6 10. O-O h6 11. Bh4 Ne4 12. Bxe7 Qxe7 13. Rae1 Ndf6 14. Nd1
Bd7 15. f3 Ng5 16. Ng3 Qd6 17. Nc3 c5 18. dxc5 Qxc5 19. Qf2 Re7 20. h4 Ngh7 21.
Re2 Rae8 22. Rfe1 Nf8 23. Rd1 b6 24. Nf1 Ng6 25. Bxg6 fxg6 26. Rc2 Bf5 27. Rcd2
Rd7 28. Ne2 Rc7 29. Nd4 Kh7 30. h5 Qe7 31. Re2 Qf7 32. hxg6+ Qxg6 33. Qg3 Qxg3
34. Nxg3 Bg6 35. Kf2 Bf7 36. Ngf5 a6 37. Nd6 Rf8 38. Ke1 g6 39. Nxf7 Rfxf7 40.
Ne6 Rcd7 41. Rc1 Rd6 42. Nd4 Kg7 43. Rec2 Nd7 44. Rc6 Rxc6 45. Rxc6 Rf6 46. Rc7
Rf7 47. Ne6+ Kg8 48. Nf4 Nf6 49. Rc6 g5 50. Nd3 Nd7 51. Rxh6 Rf6 52. Rxf6 Nxf6
53. Ne5 Kf8 54. Kd2 Ke7 55. Kd3 Ke6 56. Kd4 Ne8 57. g4 Nd6 58. a4 Nb7 59. Nd3
Na5 60. Nb4 Nb3+ 61. Kc3 Nc5 62. b3 a5 63. Nd3 Kd6 64. Ne1 Ke5 65. Nc2 Ne6 66.
b4 axb4+ 67. Kxb4 Nc5 68. Kb5 Kd6 69. Nd4 Nd7 70. f4 1-0

[Event "3. LGA Premium Cup"]
[Site "Nürnberg"]
[Date "2006.09.08"]
[Round "2.5"]
[White "Promyshlyanskiy, Vitaliy"]
[Black "Fridman, Daniel"]
[Result "0-1"]
[WhiteElo "2209"]
[BlackElo "2569"]
[PlyCount "94"]
[EventDate "2006.??.??"]

1. e4 c6 2. d4 d5 3. e5 c5 4. dxc5 Nc6 5. Bb5 e6 6. Be3 Nge7 7. c3 Nf5 8. Bd4
Bd7 9. Bxc6 Bxc6 10. Nf3 Nxd4 11. Qxd4 a5 12. a4 Qe7 13. b4 axb4 14. cxb4 b6
15. cxb6 Qxb4+ 16. Nbd2 Ra6 17. a5 Bc5 18. Qxb4 Bxb4 19. Rc1 Kd7 20. Nd4 Rc8
21. Nxc6 Rxc6 22. b7 Rxc1+ 23. Ke2 Rc8 24. bxc8=Q+ Kxc8 25. Rc1+ Kd7 26. Nb3
Ra7 27. Nc5+ Kd8 28. a6 Bxc5 29. Rxc5 Rxa6 30. f4 h5 31. Kf2 Ra3 32. Ke2 Kd7
33. Kf2 h4 34. Rb5 Kc6 35. Rb8 Ra7 36. Rc8+ Rc7 37. Rg8 g6 38. Rh8 Kc5 39. Rxh4
Kd4 40. g3 Ke4 41. Ke2 Rc2+ 42. Kd1 Rg2 43. Rh7 d4 44. Rxf7 Ke3 45. Rd7 d3 46.
Kc1 Rg1+ 47. Kb2 d2 0-1

[Event "3. LGA Premium Cup"]
[Site "Nürnberg"]
[Date "2006.09.08"]
[Round "2.6"]
[White "Prusikin, Michael"]
[Black "Hirneise, Tobias"]
[Result "1-0"]
[WhiteElo "2557"]
[BlackElo "2214"]
[PlyCount "53"]
[EventDate "2006.??.??"]

1. d4 Nf6 2. c4 g6 3. Nc3 Bg7 4. e4 d6 5. Nge2 O-O 6. Ng3 e5 7. d5 h5 8. Bg5
Qe7 9. h4 Nh7 10. Be3 Qd8 11. Be2 b6 12. Qd2 Bf6 13. Nf1 Bxh4 14. g3 Bf6 15.
O-O-O Bg7 16. f4 exf4 17. gxf4 Nd7 18. Bd4 Ndf6 19. Ne3 Qe7 20. Bf3 Re8 21.
Rdg1 Rb8 22. e5 dxe5 23. fxe5 Ng4 24. Bxg4 Bxg4 25. Nxg4 hxg4 26. Rxg4 Nf8 27.
Qh2 1-0

[Event "3. LGA Premium Cup"]
[Site "Nürnberg"]
[Date "2006.09.08"]
[Round "2.7"]
[White "Hirn, Oskar"]
[Black "Hillarp Persson, Tiger"]
[Result "0-1"]
[WhiteElo "2203"]
[BlackElo "2549"]
[PlyCount "42"]
[EventDate "2006.??.??"]

1. e4 g6 2. d4 Bg7 3. Nc3 d6 4. Be3 a6 5. a4 Nf6 6. h3 O-O 7. g4 e5 8. Nge2
exd4 9. Nxd4 d5 10. exd5 Nxd5 11. Nxd5 Qxd5 12. Rg1 Re8 13. c3 Nd7 14. Qf3 Nb6
15. Qxd5 Nxd5 16. Nc2 Nxc3 17. bxc3 Bxc3+ 18. Kd1 Bxa1 19. Nxa1 Bd7 20. a5 Re5
21. Bd2 Rd8 0-1

[Event "3. LGA Premium Cup"]
[Site "Nürnberg"]
[Date "2006.09.08"]
[Round "2.8"]
[White "Besel, Waldemar"]
[Black "Gofshtein, Leonid"]
[Result "0-1"]
[WhiteElo "2181"]
[BlackElo "2521"]
[PlyCount "56"]
[EventDate "2006.??.??"]

1. Nf3 Nf6 2. c4 g6 3. g3 Bg7 4. Bg2 O-O 5. O-O d5 6. cxd5 Nxd5 7. Nc3 Nc6 8.
d4 Nb6 9. e3 Re8 10. a4 a5 11. Nb5 Nb4 12. b3 Bf5 13. Ne1 c6 14. Na3 e5 15. Bb2
exd4 16. exd4 Qd7 17. Nac2 N6d5 18. Na3 Rad8 19. Rc1 Qe7 20. Nc4 Na2 21. Nxa5
Nxc1 22. Qxc1 Qb4 23. Bxd5 Rxd5 24. Bc3 Qb6 25. Nc4 Qxb3 26. Ne3 Bh3 27. N1g2
Rd7 28. Rd1 Bxg2 0-1

[Event "3. LGA Premium Cup"]
[Site "Nürnberg"]
[Date "2006.09.08"]
[Round "2.10"]
[White "Ginsburg, Gennadij"]
[Black "Schneider, David"]
[Result "*"]
[WhiteElo "2506"]
[BlackElo "2202"]
[PlyCount "30"]
[EventDate "2006.??.??"]

1. e4 c5 2. Nf3 e6 3. d4 cxd4 4. Nxd4 a6 5. Bd3 Bc5 6. Nb3 Ba7 7. c4 Nc6 8. Nc3
d6 9. O-O Nf6 10. Bf4 Ne5 11. Be2 Qc7 12. Rc1 O-O 13. Nd2 Bd4 14. Ncb1 Qb6 15.
Rc2 Ng6 *

[Event "3. LGA Premium Cup"]
[Site "Nürnberg"]
[Date "2006.09.08"]
[Round "2.11"]
[White "Kotz, Reinhard"]
[Black "Levin, Felix"]
[Result "0-1"]
[WhiteElo "2170"]
[BlackElo "2500"]
[PlyCount "80"]
[EventDate "2006.??.??"]

1. f4 d5 2. b3 Qd6 3. e3 e5 4. fxe5 Qxe5 5. Nc3 Nf6 6. Nf3 Qh5 7. Bb2 c6 8. Qe2
Ne4 9. O-O-O Bd6 10. Nxe4 dxe4 11. Ne5 Qxe2 12. Bxe2 f6 13. Nc4 Be7 14. d4 b5
15. Nd2 f5 16. g3 O-O 17. h4 Nd7 18. g4 Nf6 19. gxf5 Bxf5 20. Rdg1 h5 21. d5
cxd5 22. Bxb5 Ng4 23. Be2 Bc5 24. Bxg4 Bxg4 25. Re1 Rf2 26. Rhg1 Bb4 27. c3 Rc8
28. Kc2 Be7 29. Rh1 Be2 30. c4 Bd3+ 31. Kc1 Bb4 32. Rd1 dxc4 33. Nxc4 Rc2+ 34.
Kb1 R2xc4+ 35. Rxd3 exd3 36. bxc4 Rxc4 37. Bd4 d2 38. Rg1 g6 39. Rxg6+ Kf8 40.
Rg7 Rxd4 0-1

[Event "3. LGA Premium Cup"]
[Site "Nürnberg"]
[Date "2006.09.08"]
[Round "2.12"]
[White "Kunin, Vitaly"]
[Black "Bunk, Karsten"]
[Result "1-0"]
[WhiteElo "2494"]
[BlackElo "2179"]
[PlyCount "81"]
[EventDate "2006.??.??"]

1. d4 Nf6 2. c4 g6 3. Nc3 d5 4. cxd5 Nxd5 5. e4 Nxc3 6. bxc3 Bg7 7. Nf3 c5 8.
Be3 O-O 9. Rc1 Qc7 10. Bc4 b6 11. Qe2 Bb7 12. e5 e6 13. O-O Nd7 14. Nd2 a6 15.
Bd3 b5 16. f3 c4 17. Bb1 f5 18. exf6 Nxf6 19. Bf2 Rae8 20. Bg3 Qb6 21. Be5 Nd7
22. Bxg7 Kxg7 23. f4 e5 24. fxe5 Rxe5 25. Qd1 Qc6 26. Nf3 Re3 27. Rc2 Rd3 28.
Qe1 Qe4 29. Re2 Qg4 30. Re7+ Kg8 31. Bxd3 cxd3 32. h3 Qf5 33. Nd2 Qd5 34. Qe6+
Qxe6 35. Rxe6 Rxf1+ 36. Kxf1 Kf7 37. Re3 Bd5 38. a3 Bc4 39. Nxc4 bxc4 40. Ke1
Nb6 41. Re5 1-0

[Event "3. LGA Premium Cup"]
[Site "Nürnberg"]
[Date "2006.09.08"]
[Round "2.13"]
[White "Muth, Roland"]
[Black "Milov, Leonid"]
[Result "0-1"]
[WhiteElo "2124"]
[BlackElo "2482"]
[PlyCount "76"]
[EventDate "2006.??.??"]

1. e4 c5 2. g3 d5 3. exd5 Qxd5 4. Nf3 Bg4 5. Bg2 Qe6+ 6. Kf1 Nc6 7. h3 Bf5 8.
g4 Bg6 9. d3 Rd8 10. Na3 Qc8 11. Nh4 e6 12. Bf4 Bd6 13. Bxd6 Rxd6 14. Nxg6 hxg6
15. Qf3 Nge7 16. Qe3 b6 17. Nc4 Rd8 18. Qg3 Qb8 19. Qxb8 Rxb8 20. Nd6+ Kf8 21.
Nc4 Rd8 22. Ne3 g5 23. Be4 g6 24. Re1 Kg7 25. Kg2 Ne5 26. Bb7 Rb8 27. Be4 f5
28. Bf3 Kf6 29. Bd1 N7c6 30. Rh2 Rbd8 31. b3 b5 32. Nf1 Nb4 33. Be2 Nxc2 34.
Rc1 Nd4 35. Bd1 Nxd3 36. Rc3 Nf4+ 37. Kh1 Rc8 38. Ne3 Nxh3 0-1

[Event "3. LGA Premium Cup"]
[Site "Nürnberg"]
[Date "2006.09.08"]
[Round "2.15"]
[White "Nowaczynski, Mathias"]
[Black "Balinov, Ilija"]
[Result "1/2-1/2"]
[WhiteElo "2110"]
[BlackElo "2454"]
[PlyCount "88"]
[EventDate "2006.??.??"]

1. d4 Nf6 2. c4 g6 3. Nc3 d5 4. cxd5 Nxd5 5. e4 Nxc3 6. bxc3 Bg7 7. Bc4 c5 8.
Ne2 O-O 9. Be3 Nc6 10. Rc1 Bd7 11. h4 cxd4 12. cxd4 Rc8 13. h5 Na5 14. Bd3 Rxc1
15. Qxc1 Qc8 16. Qd2 Nc4 17. Bxc4 Qxc4 18. hxg6 fxg6 19. O-O Bb5 20. Re1 Rc8
21. Rc1 Qe6 22. Rxc8+ Qxc8 23. Nc3 Bc4 24. d5 b6 25. Bd4 Qf8 26. Bxg7 Qxg7 27.
g3 b5 28. a3 Qe5 29. Qe3 a5 30. f4 Qd6 31. Nb1 e6 32. Nd2 exd5 33. e5 Qe7 34.
Nf3 b4 35. axb4 Qxb4 36. e6 Qb1+ 37. Kh2 Qe4 38. Qb6 Qe2+ 39. Kh3 Qxf3 40. Qd8+
Kg7 41. Qe7+ Kh6 42. Qg5+ Kg7 43. Qe7+ Kh6 44. Qg5+ Kg7 1/2-1/2

[Event "3. LGA Premium Cup"]
[Site "Nürnberg"]
[Date "2006.09.08"]
[Round "2.16"]
[White "Gutman, Lev"]
[Black "Nöckler, Alexander"]
[Result "1-0"]
[WhiteElo "2448"]
[BlackElo "2126"]
[PlyCount "79"]
[EventDate "2006.??.??"]

1. Nf3 Nf6 2. g3 d5 3. Bg2 e6 4. O-O Be7 5. d4 O-O 6. a4 Nbd7 7. a5 a6 8. c4 c6
9. Nc3 Re8 10. Bf4 Nf8 11. Qa4 Ng6 12. Rfd1 Nxf4 13. gxf4 Bd6 14. e3 Bd7 15. c5
Bc7 16. b4 Qe7 17. Qc2 Rad8 18. Kh1 Kh8 19. Rg1 Rg8 20. Bf1 Rdf8 21. Bd3 g6 22.
Rg2 Nh5 23. Rag1 f6 24. Ne2 Rf7 25. Ng3 Ng7 26. h4 Ne8 27. h5 g5 28. fxg5 fxg5
29. Ne5 Bxe5 30. dxe5 h6 31. f4 Rfg7 32. Bg6 gxf4 33. Nf1 f3 34. Rg4 Nc7 35. e4
Be8 36. Qd2 Bxg6 37. hxg6 Rf8 38. Qxh6+ Kg8 39. Rg5 f2 40. R1g3 1-0

[Event "3. LGA Premium Cup"]
[Site "Nürnberg"]
[Date "2006.09.08"]
[Round "2.17"]
[White "Zaragatski, Ilja"]
[Black "Wagner, Florian"]
[Result "1/2-1/2"]
[WhiteElo "2436"]
[BlackElo "2079"]
[PlyCount "97"]
[EventDate "2006.??.??"]

1. e4 c5 2. Nf3 Nc6 3. Nc3 Nf6 4. Bb5 Qc7 5. O-O Nd4 6. Re1 a6 7. Bf1 e5 8. Nd5
Nxd5 9. exd5 d6 10. c3 Nxf3+ 11. Qxf3 Be7 12. d4 O-O 13. Qg3 Bf6 14. dxc5 Qxc5
15. c4 Bf5 16. a3 Qd4 17. Ra2 Rac8 18. Be3 Qh4 19. Qxh4 Bxh4 20. b4 Be7 21. Rc1
Rfd8 22. Rd2 Bg6 23. f3 f5 24. c5 dxc5 25. bxc5 f4 26. Bf2 Bf7 27. d6 Bxd6 28.
Rb1 Bf8 29. Rxd8 Rxd8 30. Rxb7 Rd1 31. Rb4 a5 32. Re4 Bg6 33. Rxe5 Bd3 34. Re1
Rxe1 35. Bxe1 Bxc5+ 36. Bf2 Bxf2+ 37. Kxf2 Bf5 38. g3 g5 39. gxf4 gxf4 40. Ke2
Kf7 41. Kd2 Ke6 42. Kc3 Kd5 43. Bd3 Bxd3 44. Kxd3 a4 45. Kc3 Kc5 46. h3 h6 47.
Kd3 Kd5 48. h4 h5 49. Kc3 1/2-1/2

[Event "3. LGA Premium Cup"]
[Site "Nürnberg"]
[Date "2006.09.08"]
[Round "2.18"]
[White "Redzepovic, Irfan"]
[Black "Poldauf, Dirk"]
[Result "1/2-1/2"]
[WhiteElo "2053"]
[BlackElo "2433"]
[PlyCount "107"]
[EventDate "2006.??.??"]

1. d4 Nf6 2. c4 g6 3. Nc3 Bg7 4. e4 d6 5. Nf3 O-O 6. Be2 e5 7. O-O Na6 8. Be3
Ng4 9. Bg5 Qe8 10. h3 f6 11. Bd2 Nh6 12. Be3 f5 13. Bxh6 Bxh6 14. dxe5 dxe5 15.
exf5 Rxf5 16. g4 Rf7 17. Ne4 Kh8 18. a3 Qe7 19. Qd5 Bg7 20. c5 Rb8 21. Bc4 Rf8
22. Nfg5 h6 23. Nf7+ Kh7 24. f4 c6 25. Qd6 Qxd6 26. cxd6 exf4 27. Rab1 b5 28.
Ba2 g5 29. b4 Bd7 30. Rbd1 Kg6 31. Kg2 Rxf7 32. Bxf7+ Kxf7 33. Kf3 Re8 34. Rfe1
Kf8 35. h4 gxh4 36. Kxf4 Be5+ 37. Kf3 Kg7 38. g5 h5 39. Rg1 Kf7 40. Nc5 Nxc5
41. bxc5 Bg4+ 42. Rxg4 hxg4+ 43. Kxg4 Kg6 44. Re1 Kf7 45. d7 Rd8 46. Rxe5 Rxd7
47. Kxh4 Rd3 48. Rf5+ Kg7 49. Kh5 Rh3+ 50. Kg4 Rxa3 51. Rf6 Rc3 52. Rxc6 b4 53.
Rc7+ Kg6 54. Rc6+ 1/2-1/2

[Event "3. LGA Premium Cup"]
[Site "Nürnberg"]
[Date "2006.09.08"]
[Round "2.19"]
[White "Renner, Christoph"]
[Black "Lowitz, Torsten"]
[Result "1-0"]
[WhiteElo "2424"]
[BlackElo "2109"]
[PlyCount "59"]
[EventDate "2006.??.??"]

1. Nf3 Nf6 2. d4 g6 3. Bf4 Bg7 4. e3 O-O 5. Be2 d6 6. h3 Nbd7 7. O-O Re8 8. a4
c6 9. a5 b6 10. axb6 Qxb6 11. Ra2 a5 12. Nbd2 Ba6 13. Nc4 Bxc4 14. Bxc4 Nd5 15.
Bg3 N7f6 16. Nd2 Bh6 17. Re1 Nh5 18. Bh2 e5 19. c3 Kh8 20. Be2 Nhf6 21. Nc4 Qc7
22. dxe5 dxe5 23. Qa1 Ne4 24. Rxa5 Rxa5 25. Qxa5 Qe7 26. Bf3 Nxf2 27. Qxd5 Rc8
28. Nd6 Nd3 29. Qxd3 Rd8 30. Nxf7+ 1-0

[Event "3. LGA Premium Cup"]
[Site "Nürnberg"]
[Date "2006.09.08"]
[Round "2.20"]
[White "Nuber, Korbinian"]
[Black "Zude, Erik"]
[Result "1-0"]
[WhiteElo "2104"]
[BlackElo "2421"]
[PlyCount "111"]
[EventDate "2006.??.??"]

1. e4 c5 2. Nc3 d6 3. Nf3 Nf6 4. g3 Nc6 5. Bg2 g6 6. O-O Bg7 7. d3 O-O 8. Nh4
Bg4 9. f3 Bd7 10. f4 Rb8 11. h3 b5 12. Kh2 b4 13. Ne2 a5 14. Be3 a4 15. Rb1 a3
16. b3 Qc7 17. Qd2 Nd4 18. c4 bxc3 19. Nxc3 Bc6 20. Rbc1 Nd7 21. Ne2 Qb7 22. f5
Qb4 23. Qxb4 Rxb4 24. Nxd4 Bxd4 25. Bxd4 Rxd4 26. fxg6 hxg6 27. Rfd1 Bb5 28.
Rc3 Ne5 29. Nf3 Rxd3 30. Rdxd3 Nxd3 31. Bf1 Ne5 32. Bxb5 Rb8 33. Nxe5 Rxb5 34.
Nc4 Rb4 35. Re3 Rb7 36. Re2 Ra7 37. Kg2 Kf8 38. Rd2 f6 39. Kf3 Ke8 40. h4 Kf7
41. g4 Ra8 42. Rh2 Kg7 43. Ne3 Kf7 44. h5 e6 45. h6 Kg8 46. Rd2 Rd8 47. g5 Kh7
48. Kg4 f5+ 49. exf5 gxf5+ 50. Kh5 d5 51. g6+ Kg8 52. Kg5 Rb8 53. Ng2 c4 54.
Nf4 c3 55. Rc2 d4 56. h7+ 1-0

[Event "3. LGA Premium Cup"]
[Site "Nürnberg"]
[Date "2006.09.08"]
[Round "2.30"]
[White "Lange, Carsten"]
[Black "Espig, Lutz"]
[Result "1-0"]
[WhiteElo "2058"]
[BlackElo "2359"]
[PlyCount "79"]
[EventDate "2006.??.??"]

1. Nf3 c5 2. c4 Nf6 3. g3 Nc6 4. Bg2 d5 5. O-O e6 6. b3 Be7 7. Bb2 O-O 8. e3 d4
9. exd4 cxd4 10. d3 e5 11. Re1 Nd7 12. Na3 f6 13. Nc2 a5 14. Nh4 Nc5 15. Bd5+
Kh8 16. Ba3 g5 17. Ng2 Bf5 18. Bxc5 Bxc5 19. a3 Qd7 20. Qd2 Ne7 21. Bf3 Ng6 22.
b4 Be7 23. bxa5 Bd8 24. Rab1 Bxa5 25. Nb4 Ra7 26. Rb3 Be6 27. Rb2 Rc8 28. Reb1
b5 29. cxb5 Qxb5 30. Qd1 Qd7 31. Ne1 Rac7 32. Nec2 Qf7 33. Na6 Rc3 34. Rb8 Qa7
35. Rxc8+ Bxc8 36. Nab4 Qc5 37. Rb2 Be6 38. Qb1 Ne7 39. Kg2 Bxb4 40. axb4 1-0

[Event "3. LGA Premium Cup"]
[Site "Nürnberg"]
[Date "2006.09.08"]
[Round "2.32"]
[White "Hirneise, Jens"]
[Black "Maier, Alexander"]
[Result "1-0"]
[WhiteElo "2002"]
[BlackElo "2337"]
[PlyCount "45"]
[EventDate "2006.??.??"]

1. e4 e5 2. Nf3 Nc6 3. Nc3 Nf6 4. Bb5 Nd4 5. Nxd4 exd4 6. e5 dxc3 7. exf6 Qxf6
8. dxc3 Qe6+ 9. Be3 a6 10. Bd3 d5 11. O-O Qc6 12. Re1 Be6 13. Bd4 h5 14. Qe2 h4
15. a4 Qd7 16. f4 c5 17. f5 cxd4 18. fxe6 fxe6 19. Bf5 Bc5 20. Kh1 Kd8 21. Bxe6
Qd6 22. cxd4 Ba7 23. Qg4 1-0

[Event "3. LGA Premium Cup"]
[Site "Nürnberg"]
[Date "2006.09.08"]
[Round "2.44"]
[White "Stümer, Paul"]
[Black "Walter, Florian"]
[Result "1/2-1/2"]
[WhiteElo "2143"]
[BlackElo "1675"]
[PlyCount "95"]
[EventDate "2006.??.??"]

1. c4 e5 2. g3 Nf6 3. Bg2 d5 4. cxd5 Nxd5 5. Nc3 Nb6 6. Nf3 Nc6 7. O-O Bd6 8.
Ne1 O-O 9. Nd3 Be6 10. b3 Bf5 11. Ne4 Bxe4 12. Bxe4 f5 13. Bxc6 bxc6 14. Bb2 e4
15. Nf4 Bxf4 16. gxf4 Nd5 17. e3 Nf6 18. Qe2 Qe8 19. Rac1 Rd8 20. Kh1 Ng4 21.
Rg1 Rd6 22. Rg2 Rh6 23. f3 exf3 24. Qxf3 Rf7 25. Rc5 Rd7 26. Bc3 Qh5 27. Kg1
Rdd6 28. e4 Qh4 29. Qg3 fxe4 30. Qxh4 Rxh4 31. Rg5 Rg6 32. h3 Nf6 33. Ra5 Rxg2+
34. Kxg2 Rxf4 35. Rxa7 Nd5 36. Be5 Rf7 37. Ra8+ Rf8 38. Rxf8+ Kxf8 39. a4 g6
40. a5 Ke7 41. a6 Kd7 42. a7 Nb6 43. Kg3 Kc8 44. Kf4 Nd5+ 45. Kxe4 Kb7 46. Bd4
h6 47. Ke5 Ka8 48. Ke4 1/2-1/2

[Event "3. LGA Premium Cup"]
[Site "Nürnberg"]
[Date "2006.09.08"]
[Round "2.45"]
[White "Pühn, Georg"]
[Black "Riexinger, Martin"]
[Result "1/2-1/2"]
[WhiteElo "2037"]
[BlackElo "1656"]
[PlyCount "57"]
[EventDate "2006.??.??"]

1. e4 d6 2. d4 Nf6 3. Nc3 g6 4. Be3 Bg7 5. f3 O-O 6. Qd2 e5 7. d5 Ne8 8. g4 f5
9. gxf5 gxf5 10. exf5 Bxf5 11. O-O-O Qh4 12. Bg5 Qh5 13. Be2 Qg6 14. h4 Nf6 15.
Nh3 Nh5 16. Rdg1 Bxh3 17. Rxh3 Qf5 18. Rh2 Nf4 19. Bd1 Kh8 20. Rg4 h5 21. Rg3
Nd7 22. Ne4 Nf6 23. Bxf6 Bxf6 24. Rg1 Rg8 25. Rxg8+ Rxg8 26. Rh1 b6 27. c4 Bg7
28. Bc2 Qf8 29. Rg1 1/2-1/2

[Event "3. LGA Premium Cup"]
[Site "Nürnberg"]
[Date "2006.09.08"]
[Round "2.46"]
[White "Lober, Wolfgang"]
[Black "Süß, Helmut"]
[Result "1/2-1/2"]
[WhiteElo "1675"]
[BlackElo "2031"]
[PlyCount "33"]
[EventDate "2006.??.??"]

1. e4 b6 2. d4 Bb7 3. Nc3 e6 4. Nf3 Bb4 5. Bd3 Nf6 6. Bg5 h6 7. Bxf6 Qxf6 8. a3
Bxc3+ 9. bxc3 O-O 10. O-O d6 11. Nd2 e5 12. Qf3 Qxf3 13. Nxf3 Nd7 14. Nh4 Nf6
15. f3 Bc8 16. g4 g6 17. Ng2 1/2-1/2

[Event "3. LGA Premium Cup"]
[Site "Nürnberg"]
[Date "2006.09.08"]
[Round "2.56"]
[White "Deinlein, Albert"]
[Black "Kirch, Daniel"]
[Result "1-0"]
[WhiteElo "1596"]
[BlackElo "1965"]
[PlyCount "78"]
[EventDate "2006.??.??"]

1. e4 c5 2. c3 d5 3. exd5 Qxd5 4. Nf3 Bg4 5. Qa4+ Bd7 6. Qf4 Nf6 7. Bc4 Qf5 8.
d3 Nc6 9. O-O Qxf4 10. Bxf4 Na5 11. Bb3 Nxb3 12. axb3 Nd5 13. Bg3 f6 14. Na3 e5
15. Nc2 Be7 16. Rfe1 Bf5 17. Rad1 O-O 18. c4 Nc7 19. Nh4 Bg4 20. f3 Bh5 21. Nf5
Rfe8 22. Nxe7+ Rxe7 23. d4 cxd4 24. Nxd4 Rd7 25. Ne2 Rad8 26. Nc3 Bg6 27. Rxd7
Rxd7 28. f4 exf4 29. Bxf4 b6 30. Bxc7 Rxc7 31. Nd5 Rd7 32. Re7 {(=)} Bf5 33.
Rxd7 Bxd7 34. Kf2 Kf7 35. Ke3 Ke6 36. Kd4 Kd6 37. b4 Be6 38. c5+ Kc6 39. b5+
Kd7 1-0

[Event "3. LGA Premium Cup"]
[Site "Nürnberg"]
[Date "2006.09.08"]
[Round "2.75"]
[White "Dreiseitel, Werner"]
[Black "Sha, Siyu"]
[Result "1/2-1/2"]
[WhiteElo "1348"]
[BlackElo "1766"]
[PlyCount "145"]
[EventDate "2006.??.??"]

1. d4 Nf6 2. c4 g6 3. Nc3 Bg7 4. e4 d6 5. f3 O-O 6. Be3 Nbd7 7. Bd3 c5 8. dxc5
Nxc5 9. Bc2 Nfd7 10. Nge2 Nb6 11. b3 Be6 12. Rc1 a5 13. Nd5 Nbd7 14. Nef4 {(=)}
Ne5 15. Nxe6 fxe6 16. Nf4 Qc8 17. Ne2 a4 18. O-O Nc6 19. Nd4 Nb4 20. Bb1 a3 21.
Qd2 Nc6 22. Nxc6 Qxc6 23. Bh6 Qb6 24. Kh1 Bxh6 25. Qxh6 Ra6 26. Qe3 Rfa8 27.
Rc3 Qb4 28. Rfc1 Ra5 29. Qe1 R5a6 30. Qd1 Rb6 31. Qe1 Qa5 32. Qd1 Qa6 33. Qc2
Qa5 34. Qd1 Qa6 35. Qc2 Qa5 36. Qd1 Qa7 37. Qc2 Qa6 38. Qe2 Nxb3 39. Rxb3 Rxb3
40. axb3 a2 41. Bxa2 Qxa2 42. Qxa2 Rxa2 43. Rb1 Kf7 44. h3 h5 45. h4 Kf6 46.
Kh2 Ke5 47. b4 b6 48. Kh3 Kd4 49. Rc1 Rb2 50. b5 Rb4 51. g4 Rxc4 52. Rb1 Rc5
53. gxh5 gxh5 54. Kg3 Kc4 55. Kf4 Rxb5 56. Rxb5 Kxb5 57. Kg5 Kc6 58. Kxh5 b5
59. Kg6 b4 60. h5 b3 61. h6 b2 62. h7 b1=Q 63. h8=Q Qg1+ 64. Kf7 Kc7 65. Kxe7
Qg5+ 66. Qf6 Qxf6+ 67. Kxf6 d5 68. Ke5 Kc6 69. exd5+ exd5 70. Kd4 Kd6 71. f4
Ke6 72. f5+ Kxf5 73. Kxd5 1/2-1/2

[Event "3. LGA Premium Cup"]
[Site "Nürnberg"]
[Date "2006.09.09"]
[Round "3.1"]
[White "Baramidze, David"]
[Black "Heidrich, Manfred"]
[Result "1/2-1/2"]
[WhiteElo "2591"]
[BlackElo "2405"]
[PlyCount "85"]
[EventDate "2006.??.??"]

1. e4 c5 2. Nf3 Nc6 3. d4 cxd4 4. Nxd4 e5 5. Nb5 a6 6. Nd6+ Bxd6 7. Qxd6 Qf6 8.
Qd2 Qg6 9. Nc3 Nge7 10. b3 d5 11. Nxd5 Qxe4+ 12. Ne3 Be6 13. Bb2 Rd8 14. Bd3
Qh4 15. Qc3 O-O 16. O-O Rc8 17. f4 f6 18. Bc4 Nd4 19. Qd2 Rfd8 20. Bxd4 Bxc4
21. Nxc4 Rxd4 22. Qb4 Re8 23. Qxb7 Rxf4 24. Rxf4 Qxf4 25. Rd1 Nf5 26. Qd5+ Kh8
27. Qc6 Rg8 28. Qxa6 Qe4 29. Nd6 Nxd6 30. Qxd6 Qxc2 31. Qd2 Qc5+ 32. Qf2 Qa3
33. Qc2 h6 34. Rd7 Re8 35. Rc7 e4 36. Qc6 Rg8 37. Qxe4 Qxa2 38. b4 Rd8 39. Rc1
Qd2 40. Ra1 f5 41. Qc4 Kh7 42. b5 Rd4 43. Qc1 1/2-1/2